Propuesta de un manual operativo para la georreferenciación de los planos de agrimensura en el Distrito Urbano de San Francisco de Dos Ríos
Gespeichert in:
| 1. Verfasser: | |
|---|---|
| Weitere Verfasser: | , , |
| Format: | Buch |
| Sprache: | Spanish |
| Veröffentlicht: |
[San José, Costa Rica]
2008
|
| Schlagworte: | |
| Tags: |
Tag hinzufügen
Keine Tags, Fügen Sie den ersten Tag hinzu!
|
MARC
| LEADER | 00000nam a2200000Ia 4500 | ||
|---|---|---|---|
| 003 | 010325 | ||
| 005 | 20230804114551.0 | ||
| 008 | 140114s2008 cr a 000 ||spa d | ||
| 040 | |c cru CEDI | ||
| 100 | |a Chavarria Lao, Ingrid Mayela, 1978- |9 1009 | ||
| 245 | |a Propuesta de un manual operativo para la georreferenciación de los planos de agrimensura en el Distrito Urbano de San Francisco de Dos Ríos | ||
| 260 | |a [San José, Costa Rica] |c 2008 | ||
| 300 | |a 100 páginas; ilustraciones (algunas a color) | ||
| 500 | |a Proyecto de graduación (licenciatura en ingeniería topográfica)--Universidad de Costa Rica. Facultad de Ingeniería. Escuela de Ingeniería Topográfica | ||
| 501 | |a Director de Práctica Dirigida de Graduación: Ing. Jorge Avendaño Machado | ||
| 650 | |x AGRIMENSURA |x -MANUALES |x CATASTRO |x - DISEÑOS Y PLANOS |9 4483 | ||
| 700 | |9 4481 |a Montero Chaves, Luis | ||
| 700 | |9 4482 |a Rojas Rojas, Rolando | ||
| 700 | |9 1010 |a Avendaño Machado, Jorge, 1950- |d Director del TFG | ||
| 942 | |c CEDI |h TFG 5595 |6 TFG_5595_000000000000000 | ||
| 999 | |c 16666 |d 16666 | ||
